Introduction to Computers and Information Processing

Bibliographic Details
Main Author: Long, Larry
Format: Section = Libro
Language:Undetermined
Spanish
Published: London Prentice Hall 1984
Subjects:
LEADER 00561nam a2200205Ia 4500
008 240830s9999 xx 000 0 und d
020 |a 0-13-480534-8 
040 |a CEDOC FIQ-RUSB / 511 L848 
041 |a spa 
082 |a 511 L848 
100 1 |a Long, Larry 
245 1 0 |a Introduction to Computers and Information Processing 
260 |a London  |b Prentice Hall  |c 1984 
300 |a 567 p.: il. 
650 7 |a ANÁLISIS NÚMERICO 
650 7 |b  GESTIÓN DE SOFTWARE Y DATOS 
650 7 |c  SISTEMAS DE INFORMACIÓN 
942 |c BK  |2 ddc 
991 |a TEXTO 
999 |c 13135